| 000 | 00000nam##2200000za#4500 |
| 001 | 9.602438 |
| 003 | CaOODSP |
| 005 | 20240212134142 |
| 007 | cr ||||||||||| |
| 008 | 150406|1989||||xxc|||||o f|0| 0 fre|d |
| 040 | |aCaOODSP|bfre |
| 043 | |an-cn--- |
| 086 | 1 |aNE22-1/1989-2F-PDF |
| 110 | 1 |aCanada. |bOffice national de l'énergie. |
| 245 | 10|aMotifs de décision relativement à La Compagnie des Pétroles Amoco Canada Ltée : |h[ressource électronique]|bune demande présentée conformément à la Partie VI de la Loi sur l'Office national de l'énergie pour l'obtention d'une licence d'exportation de gaz |
| 246 | 1 |iTitre de renvoi : |aLa Compagnie des Pétroles Amoco Canada Ltée |
| 260 | |aOttawa - Ontario : |bOffice national de l'énergie |cMai 1989. |
| 300 | |a21p.|btableaux |
| 490 | 1 |aMotifs de décision|vGH-3-89 |
| 500 | |aLe nº de catalogue (NE22-1/1989-2F) et l'ISBN (0-662-95511-0) de l'édition imprimée ont été incorrectement copiés dans cette édition électronique. |
| 590 | |a12-04-Supp|b2012-02-20 |
| 775 | 08|tReasons for decision in the matter of Amoco Canada Petroleum Company Ltd. : |w(CaOODSP)9.572021 |
| 830 | #0|aMotifs de décision (Canada. Office national de l'énergie)|vGH-3-89|w(CaOODSP)9.500899 |
| 856 | 40|ahttp://publications.gc.ca|qPDF|s78 Ko|uhttps://publications.gc.ca/collections/collection_2011/one-neb/NE22-1-1989-02-fra.pdf|yGH-3-89 |